A to Z: Single-letter prefixes - Statistics

General Stats
  • This quiz has been taken 1,267 times
  • The average score is 15 of 26
Answer Stats
Hint Answer % Correct
6 June, 1944 D Day
95%
Sees inside the body X Ray
92%
Any movie not suitable for children R Rated
88%
When natural birth is not possible C Section
88%
Substitute used by smokers E Cigarette
86%
Most common blood type O Positive
85%
Brand of cotton swab Q Tip
85%
Any highly prized celebrity A List
82%
Found in males, but not females Y Chromosome
78%
Experienced by pilots G Force
77%
Tested at Enewetak Atoll, 1952 H Bomb
76%
German military submarine U Boat
74%
Style of upper-body clothing V Neck
74%
Phone communications company T Mobile
70%
Sean Combs P Diddy
60%
"Love Shack" band B 52s
58%
Star of Gigli (abbr.) J Lo
41%
Founder of Scientology L Ron Hubbard
39%
Yu-Gi-Oh! cyborg Z One
24%
Opening for sound in a violin F Hole
23%
Type of hyphen N Dash
22%
Created "impossible" graphic designs M C Escher
19%
Movie starring Kevin Spacey K Pax
17%
Classic ancient Chinese text I Ching
14%
Poet, author of "Funeral Blues" W H. Auden
9%
Fictional author of The Princess Bride S Morgenstern
3%
No matching quizzes found
Score Distribution
Percent of People with Each Score
Percentile by Number Answered
Your Score History
You have not taken this quiz